000 00737nam a2200217 a 4500
001 BRCA_1319
005 20190320203356.0
008 970226s1996 mx-a---##b---#000-0#spa-#
020 _a9686932445 (v. 5)
040 _aDLC
_cDLC
_dDLC
050 4 _aF1232
_b.V55 1996
100 1 _aVillalpando César, José Manuel
_94316
245 1 0 _aEn pie de guerra
_cJosé Manuel Vilalpando César ; coordinador de la obra Fausto Zerón-Medina.
260 _aMéxico
_bClío
_c1996
300 _a63 p.
_bil. (algunas a color)
_c32 cm.
440 0 _aLa antorcha encendida
_v5
_94317
504 _aBibliografia: p. 63
651 4 _aMéxico
_xHistoria
_yGuerra de Independencia, 1810-1821
_94318
700 1 _aZerón-Medina, Fausto
_94319
942 _2lcc
_cB
999 _c1183
_d1183